León Bocanegra /

Bibliographic Details
Main Author: Vázquez-Figueroa, Alberto
Format: Book
Language:Spanish
Published: Barcelona : Plaza & Janés Editores, 1998.
Edition:1. ed.
Subjects:

MARC

Tag First Indicator Second Indicator Subfields
LEADER 00000cam a2200000 a 4500
001 in00001487828
005 20151021070756.0
008 990209s1998 sp 000 1 spa c
020 |a 8401327350 
035 |a (OCoLC)40762011 
035 |9 AJH0877AM 
040 |a IQU  |c IQU  |d TXA  |d UtOrBLW 
042 |a pcc 
043 |a fd-----  |a e------ 
049 |a TXAM 
050 4 |a PQ6672.A9  |b L46 1998 
100 1 |a Vázquez-Figueroa, Alberto. 
245 1 0 |a León Bocanegra /  |c Alberto Vázquez-Figueroa. 
250 |a 1. ed. 
264 1 |a Barcelona :  |b Plaza & Janés Editores,  |c 1998. 
300 |a 311 pages ;  |c 22 cm. 
336 |a text  |b txt  |2 rdacontent 
337 |a unmediated  |b n  |2 rdamedia 
338 |a volume  |b nc  |2 rdacarrier 
650 0 |a Pirates  |v Fiction. 
650 0 |a Slaves  |v Fiction. 
655 7 |a Adventure fiction.  |2 gsafd 
655 7 |a Historical fiction.  |2 gsafd 
948 |a c:jal 
999 |a MARS 
999 f f |s 57369597-7430-3cc4-828d-0fa3ca4670a3  |i 3b23c317-42a7-39e0-9ec9-309afa715417  |t 0 
952 f f |p ric  |a Texas A&M University  |b Rellis Campus  |c Joint Library Facility  |d Remote Storage  |t 0  |e PQ6672.A9 L46 1998  |h Library of Congress classification  |i unmediated -- volume  |m A14825001620 
998 f f |a PQ6672.A9 L46 1998  |t 0  |l Remote Storage